=LDR 00000nam 2200000 4500 =001 INLIS000000000018261 =005 20130612113436 =008 ***********************************Ind** =035 ##$$0010-061300000018261 =041 ##$$a Ind =082 ##$$a 634.43 =090 ##$$a 634.43, Kus a =100 ##$$a Kusumo, Surachmat =245 ##$$a aspal (malus sylvestris mill), Surachmat Kusumo =260 ##$$a 1984 $b Jakarta =300 ##$$a 126 hlm, ilus, 21 cm =650 ##$$a Apel =850 ##$$a NBPNMAT